| 000 | 00682nam a2200205Ia 4500 | ||
|---|---|---|---|
| 003 | GCL | ||
| 008 | 140319s9999 xx 000 0 ara d | ||
| 040 |
_aGCL / _cGCL |
||
| 082 | 0 | 4 |
_aط _b813.0876 _bق س |
| 100 | 1 | _aقسم الاطفال فى الدار | |
| 245 | 1 | 0 |
_aتعرف على الحيوانات / _cقسم الاطفال فى الدار |
| 260 |
_a[S.N] : _bشركة رشاد برس للطباعة والنشر والتوزيع ، _c1992 |
||
| 300 | _a16 | ||
| 490 |
_aسلسلة المطالعة للصغار _v0 |
||
| 650 | 0 | 4 | _aالاطفال |
| 650 | 0 | 4 | _aالقصص |
| 650 | 0 | 4 | _aقصص الاطفال |
| 650 | 0 | 4 | _aالقصص العلمية |
| 942 |
_2ddc _cBK |
||
| 999 |
_c56905 _d56905 |
||